00438nam a2200181Ia 4500003000900000008004100009040001300050040001300063041000800076100002600084245008700110250001200197260001100209260000900220300001100229300001000240490000600250IT-RoPAU120407s9999 xx 000 0 und d aIT-RoPAU cIT-RoPAU aita aJean-Jacques Rousseau aIl contratto sociale, o Principi di diritto politico. A cura di Giacomo Perticone  aMilano  aMursia c1965 a138 p. c18 cm v1